| 000 | 01346nam a2200349Ia 4500 | ||
|---|---|---|---|
| 001 | Z_6945 | ||
| 003 | CHAP | ||
| 005 | 20230301182205.0 | ||
| 008 | 220113s2016 xx 000 0 und d | ||
| 010 | _a170200 | ||
| 040 | _cCHAP | ||
| 090 | _aTesis P47 2546 | ||
| 100 |
_aPeralta Pardo, Raúl _9131978 |
||
| 245 |
_aPlan de manejo para la producción de iguana verde (Iguana iguana) e iguana negra (Ctenosaura pectinata) en la comunidad de la Batea, Parácuaro, Michoacán / _cRaúl Peralta Pardo |
||
| 260 |
_aMéxico : _bEl autor, _c2016 |
||
| 300 | _a179 p. | ||
| 502 | _aTesis (Ingeniero Agrónomo Especialista en Zootecnia) -- UACh, 2016 \ Dirección: Beatríz Cecilia Aguilar Valdéz; asesoría: Fermín Jaimes Albíter y Jorge Luis Castrellón Montelongo | ||
| 650 |
_aAprovechamiento sustentable _9146367 |
||
| 650 |
_aCtenosaura pectinata _9146368 |
||
| 650 |
_aFauna Silvestre _9139854 |
||
| 650 |
_aIguana iguana _9146369 |
||
| 650 |
_aUMA _9145715 |
||
| 700 |
_a Castrellón Montelongo, Jorge Luis, asesor _9144349 |
||
| 700 |
_a Jaimes Albíter, Fermín, asesor _9146370 |
||
| 700 |
_aAguilar Valdéz, Beatríz Cecilia, director _9146371 |
||
| 856 | 4 | 2 |
_uhttp://10.13.5.2/tesis/sist113101.pdf _yDescargar PDF |
| 901 | _aTESIS P47 2546 | ||
| 902 | _aM | ||
| 910 | _a2016 | ||
| 942 |
_c2 _2ddc |
||
| 942 |
_c2 _2ddc |
||
| 999 |
_c170200 _d170200 |
||